[Event "Euskadi-ch Seniors 28th"]
[Site "Zarautz"]
[Date "2018.06.23"]
[Round "5"]
[White "Arrese Igor Sanchez, Cesareo"]
[Black "Ladron de Guevara Galar, Francisco Javier"]
[Result "0-1"]
[WhiteElo "1875"]
[BlackElo "2125"]
[PlyCount "24"]
[EventDate "2018.06.23"]
[EventType "swiss"]
[EventRounds "6"]
[EventCountry "ESP"]
[SourceTitle "EXT 2021"]
[Source "ChessBase"]
[SourceDate "2020.10.23"]
[SourceVersion "1"]
[SourceVersionDate "2020.10.23"]
[SourceQuality "1"]

1. e4 e5 2. Nf3 Nc6 3. Nc3 Nf6 4. d4 exd4 5. Nd5 Nb4 6. Nxf6+ Qxf6 7. Bc4 Bc5 8. 0-0 d6 9. a3 Nc6 10. b4 Bb6 11. Bb2 Ne5 12. Be2 d3 0-1

[Event "Navarra-ch"]
[Site "Pamplona"]
[Date "2017.04.08"]
[Round "4"]
[White "Arrese Igor Sanchez, Cesareo"]
[Black "Abrisqueta Zudaire, Leyre"]
[Result "1-0"]
[WhiteElo "1928"]
[BlackElo "1570"]
[PlyCount "127"]
[EventDate "2017.03.11"]
[EventType "swiss"]
[EventRounds "7"]
[EventCountry "ESP"]
[SourceTitle "EXT 2018"]
[Source "ChessBase"]
[SourceDate "2017.10.13"]
[SourceVersion "1"]
[SourceVersionDate "2017.10.13"]
[SourceQuality "1"]

1. e4 c5 2. Nf3 Nc6 3. c3 d5 4. exd5 Qxd5 5. d4 Bf5 6. Be3 cxd4 7. cxd4 Bxb1 8. Rxb1 e6 9. a3 Nf6 10. Be2 Be7 11. 0-0 0-0 12. Qd3 Rfd8 13. Rfd1 Rac8 14. Ng5 Qd7 15. b4 h6 16. Ne4 a6 17. Nc5 Bxc5 18. dxc5 Qxd3 19. Rxd3 Rxd3 20. Bxd3 Ne5 21. Be2 Nd5 22. Bd4 Nc6 23. Ba1 Rd8 24. g3 Nc7 25. Rd1 Rxd1+ 26. Bxd1 Nb5 27. Bb2 Kf8 28. f4 f6 29. Kf2 Ke7 30. Ke3 Kd7 31. Kd3 Nc7 32. Kc4 Nd5 33. Bc1 Kc7 34. Bf3 Nde7 35. a4 e5 36. b5 Nd4 37. Bg2 axb5+ 38. axb5 Ne2 39. Bd2 exf4 40. gxf4 Ng6 41. Ba5+ Kb8 42. Be4 Nexf4 43. c6 bxc6 44. bxc6 Ne5+ 45. Kc5 g6 46. Kd6 Nc4+ 47. Kd7 Ne5+ 48. Ke7 f5 49. Bh1 Kc8 50. Kf6 Nfd3 51. Bc3 Ng4+ 52. Kxg6 Nxh2 53. Kxf5 Nf1 54. Bf3 Nc5 55. Ke5 Nh2 56. Bd5 Nd3+ 57. Kd6 Nf4 58. Be4 Nf1 59. Bf5+ Kb8 60. c7+ Ka7 61. Bd4+ Ka6 62. c8Q+ Ka5 63. Qc5+ Ka4 64. Bc2# 1-0

[Event "Navarra-chT"]
[Site "Navarra"]
[Date "2016.10.15"]
[Round "2.5"]
[White "Arrese Igor Sanchez, Cesareo"]
[Black "Rodriguez Montes, Sostenes"]
[Result "0-1"]
[WhiteElo "1946"]
[BlackElo "1805"]
[PlyCount "42"]
[EventDate "2016.10.08"]
[EventType "team-tourn"]
[EventRounds "7"]
[EventCountry "ESP"]
[SourceTitle "CBM 175 Extra"]
[Source "ChessBase"]
[SourceDate "2016.12.12"]
[SourceVersion "1"]
[SourceVersionDate "2016.12.12"]
[SourceQuality "1"]
[WhiteTeam "Oberena"]
[BlackTeam "Runa"]
[WhiteTeamCountry "ESP"]
[BlackTeamCountry "ESP"]

1. e4 e5 2. Nf3 Nc6 3. Nc3 Nf6 4. d4 exd4 5. Nd5 Nb4 6. Nxf6+ Qxf6 7. Bc4 d5 8. exd5 Bg4 9. Bb5+ c6 10. dxc6 bxc6 11. Be2 Bc5 12. 0-0 0-0 13. a3 Nd5 14. h3 Bh5 15. Bg5 Qf5 16. Qd2 f6 17. Bh4 Nf4 18. Bc4+ Kh8 19. Nxd4 Nxh3+ 20. Kh2 Qe4 21. f3 Qxh4 0-1

[Event "Navarra-chTA"]
[Site "Pamplona"]
[Date "2015.10.17"]
[Round "2.5"]
[White "Arrese Igor Sanchez, Cesareo"]
[Black "Iraneta Unzue, Iker"]
[Result "1/2-1/2"]
[WhiteElo "1940"]
[BlackElo "2051"]
[PlyCount "41"]
[EventDate "2015.10.10"]
[EventType "team-tourn"]
[EventRounds "7"]
[EventCountry "ESP"]
[SourceTitle "CBM 169 Extra"]
[Source "ChessBase"]
[SourceDate "2015.12.18"]
[SourceVersion "1"]
[SourceVersionDate "2015.12.18"]
[SourceQuality "1"]
[WhiteTeam "Oberena"]
[BlackTeam "San Juan"]
[WhiteTeamCountry "ESP"]
[BlackTeamCountry "ESP"]

1. e4 e5 2. Nf3 Nc6 3. Nc3 Nf6 4. d4 exd4 5. Nd5 Be7 6. Bc4 0-0 7. 0-0 d6 8. Nxd4 Ne5 9. Bb3 Nxd5 10. exd5 Bd7 11. f4 Ng4 12. Ne6 fxe6 13. dxe6 Nf6 14. exd7+ Kh8 15. Qf3 c6 16. Be3 Qxd7 17. Rae1 d5 18. c3 Bd6 19. Bc2 Qg4 20. Bd4 Qxf3 21. Rxf3 1/2-1/2

[Event "Pamplona Navarra Preferente op"]
[Site "Pamplona"]
[Date "2013.05.18"]
[Round "6"]
[White "Arrese Igor Sanchez, Cesareo"]
[Black "Gonzalez Pabollet, Jesus Maria"]
[Result "0-1"]
[WhiteElo "2016"]
[BlackElo "1924"]
[PlyCount "114"]
[EventDate "2013.04.13"]
[EventType "swiss"]
[EventRounds "7"]
[EventCountry "ESP"]
[SourceTitle "CBM 154 Extra"]
[Source "ChessBase"]
[SourceDate "2013.06.25"]
[SourceVersion "2"]
[SourceVersionDate "2013.06.25"]
[SourceQuality "1"]

1. e4 c5 2. Nf3 Nc6 3. c3 d5 4. exd5 Qxd5 5. d4 Bg4 6. Be2 e6 7. h3 Bh5 8. g4 Bg6 9. c4 Qd8 10. d5 Nb4 11. Qa4+ Qd7 12. Qxd7+ Kxd7 13. Ne5+ Ke8 14. Na3 exd5 15. cxd5 a6 16. Bf3 Bd6 17. Nec4 Rd8 18. 0-0 b5 19. Nxd6+ Rxd6 20. Re1+ Kd7 21. Be3 Nd3 22. Re2 Ne7 23. Rd1 Rc8 24. h4 Ne5 25. Bg2 Nxg4 26. Bh3 Bf5 27. Bf4 Rg6 28. h5 Rb6 29. d6 Ng8 30. Re5 g6 31. hxg6 hxg6 32. Ree1 Re8 33. Rxe8 Kxe8 34. Rd5 N4f6 35. Rxf5 gxf5 36. Bxf5 Nd5 37. Be5 Ngf6 38. Nc2 Nd7 39. Bg3 a5 40. Ne3 N7f6 41. Nxd5 Nxd5 42. d7+ Kd8 43. Bh4+ f6 44. Kf1 Ne7 45. Bh3 Rd6 46. Ke2 Nd5 47. Bf5 Nb6 48. Bd3 c4 49. Be4 Nxd7 50. Bg3 Re6 51. Kf3 Ne5+ 52. Kf4 Nd3+ 53. Kf5 Ke7 54. b3 cxb3 55. axb3 Nc5 56. Bd5 Re2 57. Bh4 Re5+ 0-1

[Event "Navarra-chT Preferente"]
[Site "Navarra"]
[Date "2012.11.17"]
[Round "6.6"]
[White "Arrese Igor Sanchez, Cesareo"]
[Black "Anguas Fanlo, Sergio"]
[Result "1-0"]
[WhiteElo "2017"]
[BlackElo "2053"]
[PlyCount "55"]
[EventDate "2012.10.13"]
[EventType "team"]
[EventRounds "7"]
[EventCountry "ESP"]
[SourceTitle "EXT 2014"]
[Source "ChessBase"]
[SourceDate "2013.11.20"]
[SourceVersion "1"]
[SourceVersionDate "2013.11.20"]
[SourceQuality "1"]
[WhiteTeam "Oberena"]
[BlackTeam "Mikel Gurea Graficas Arga"]
[WhiteTeamCountry "ESP"]
[BlackTeamCountry "ESP"]

1. e4 g6 2. d4 d6 3. Nc3 Bg7 4. f4 Nd7 5. Nf3 c5 6. Be3 Ngf6 7. Qd2 a6 8. 0-0-0 cxd4 9. Bxd4 b5 10. e5 b4 11. Ne2 Ne4 12. Qxb4 Rb8 13. Qc4 Nec5 14. exd6 Bxd4 15. Nexd4 Qb6 16. dxe7 Qxb2+ 17. Kd2 Rb4 18. Qd5 Bb7 19. Nc6 Rxf4 20. Bd3 Nxd3 21. Kxd3 Bxc6 22. Qxc6 Rxf3+ 23. gxf3 Qa3+ 24. Kd2 Qb4+ 25. Kc1 Qa3+ 26. Kb1 Kxe7 27. Rxd7+ Kf8 28. Qd6+ 1-0

[Event "Navarra-chT Preferente"]
[Site "Navarra"]
[Date "2012.10.13"]
[Round "1.5"]
[White "Alegre Perez, Juan Pablo"]
[Black "Arrese Igor Sanchez, Cesareo"]
[Result "0-1"]
[WhiteElo "1925"]
[BlackElo "2017"]
[PlyCount "76"]
[EventDate "2012.10.13"]
[EventType "team"]
[EventRounds "7"]
[EventCountry "ESP"]
[SourceTitle "EXT 2014"]
[Source "ChessBase"]
[SourceDate "2013.11.20"]
[SourceVersion "1"]
[SourceVersionDate "2013.11.20"]
[SourceQuality "1"]
[WhiteTeam "Paz de Ziganda"]
[BlackTeam "Oberena"]
[WhiteTeamCountry "ESP"]
[BlackTeamCountry "ESP"]

1. d4 Nf6 2. c4 e5 3. e3 exd4 4. exd4 d5 5. Nc3 Nc6 6. Nf3 Be7 7. Be3 0-0 8. Be2 dxc4 9. Bxc4 b6 10. 0-0 Bb7 11. a3 Rc8 12. Ne5 Na5 13. Ba2 Nd5 14. Nxd5 Bxd5 15. Bxd5 Qxd5 16. Qg4 f5 17. Qg3 Bf6 18. Rad1 Rfe8 19. f4 Nc4 20. Qf2 Nd6 21. Qc2 Ne4 22. b4 Re6 23. a4 a6 24. Qd3 Nd6 25. Rf2 g6 26. Rc2 a5 27. b5 Re7 28. Bf2 Rce8 29. Rc6 Kg7 30. Qc2 Rc8 31. Rd3 Qe4 32. Qb3 Qxf4 33. Bg3 Qe4 34. h3 f4 35. Bf2 Nf5 36. Ng4 Nh4 37. Bxh4 Bxh4 38. Rc1 Qe1+ 0-1

[Event "Pamplona San Juan op 5th"]
[Site "Pamplona"]
[Date "2011.07.25"]
[Round "1"]
[White "Granda Zuniga, Julio E"]
[Black "Arrese Igor Sanchez, Cesareo"]
[Result "1-0"]
[WhiteElo "2616"]
[BlackElo "2126"]
[PlyCount "55"]
[EventDate "2011.07.25"]
[EventType "swiss"]
[EventRounds "9"]
[EventCountry "ESP"]
[SourceTitle "EXT 2012"]
[Source "ChessBase"]
[SourceDate "2011.11.24"]
[SourceVersion "1"]
[SourceVersionDate "2011.11.24"]
[SourceQuality "1"]

1. d4 Nf6 2. c4 e5 3. dxe5 Ne4 4. Nd2 Nc5 5. b4 Ne6 6. a3 a5 7. b5 b6 8. Bb2 Bb7 9. Ngf3 d6 10. exd6 Bxd6 11. g3 Nd7 12. Bg2 0-0 13. 0-0 Ndc5 14. Qc2 Qe8 15. e3 Rd8 16. Rad1 f5 17. Nd4 Bxg2 18. Kxg2 f4 19. Nxe6 Nxe6 20. exf4 Bxf4 21. Nf3 Rxd1 22. Rxd1 Bd6 23. Qd3 Kh8 24. Re1 Qd7 25. Qd5 Nc5 26. Re3 Rf5 27. Ne5 Bxe5 28. Qa8+ 1-0